000 00287nam a22001337a 4500
008 170210b xxu||||| |||| 00| 0 eng d
020 _a9780801632266
041 _aeng
080 _24TH
_a61
100 _a4
101 _aSHM
245 _aHEALTH ASSESSMENT
_cMALASANOS
942 _2udc
_cBK
999 _c5068
_d5068